Statistics for Human body parts by numbers

Click here to take the quiz!

General Stats

  • This quiz has been taken 254 times
  • The average score is 6 of 12

Answer Stats

Body partNumber% Correct
Arms2
100%
Heart chambers4
83%
Fingers8
80%
Teeth32
77%
Bones in each ear3
62%
Bones206
58%
Ribs24
50%
Chromosomes46
38%
Vena cavae2
36%
Major systems12
34%
Vertebrae33
25%
Muscles640
2%

Score Distribution

Percentile by Number Answered

Percent of People with Each Score

Your Score History

You have not taken this quiz